| 000 | 00338nam a2200133Ia 4500 | ||
|---|---|---|---|
| 005 | 20260326235448.0 | ||
| 008 | 260326s9999||||xx |||||||||||||| ||und|| | ||
| 100 | _aNorman, Donald A. | ||
| 245 | 4 |
_aThe Design of future things / _cDonald A. Norman |
|
| 260 | _bBasic Books | ||
| 300 | _a231 p. | ||
| 650 | _aDISEÑO INDUSTRIAL | ||
| 942 | _cBK | ||
| 999 |
_c7642 _d7642 |
||